000
00266nam a2200097Ia 4500
008
201216s9999 xx 000 0 und d
100
_a
Ulbrich, Holley
245
0
_a
International Trade and Finance : Theory and Practice
260
_a
London
_b
Prentice Hall
300
_a
379
999
_c
6073
_d
6073